[Event "Asuncion"]
[Site "Asuncion"]
[Date "2007.07.12"]
[Round "3"]
[White "Diaz Hollemaert, Nahuel Carlos"]
[Black "Espinoza, Edgar"]
[Result "1-0"]
[WhiteElo "2420"]
[BlackElo "2268"]
[PlyCount "65"]
[EventDate "2007.07.10"]
[EventType "tourn"]
[EventRounds "9"]
[EventCountry "PAR"]
[EventCategory "2"]
[SourceTitle "EXT 2011"]
[Source "ChessBase"]
[SourceDate "2010.11.26"]
[SourceVersion "1"]
[SourceVersionDate "2010.11.26"]
[SourceQuality "1"]

1. d4 d5 2. c4 c6 3. Nf3 Nf6 4. e3 e6 5. Bd3 Nbd7 6. 0-0 Be7 7. Nbd2 b6 8. e4 dxe4 9. Nxe4 Bb7 10. Bf4 Nxe4 11. Bxe4 0-0 12. Qe2 Qc8 13. Rfd1 Re8 14. Rd2 Nf6 15. Bc2 c5 16. Ne5 cxd4 17. Rxd4 Qc5 18. Rad1 Rad8 19. Rxd8 Bxd8 20. Rd7 Ba8 21. Rxf7 Qd4 22. Rxa7 Be7 23. Qd2 Qc5 24. b4 Qxb4 25. Qxb4 Bxb4 26. h3 Bc5 27. Nd3 Bd4 28. Be5 Bxe5 29. Nxe5 Rb8 30. f3 Bb7 31. Ba4 Bc8 32. Nc6 Rb7 33. Ra8 1-0

[Event "Asuncion"]
[Site "Asuncion"]
[Date "2007.07.10"]
[Round "1"]
[White "Escofet Fernandez, Jaime"]
[Black "Espinoza, Edgar"]
[Result "1/2-1/2"]
[WhiteElo "2160"]
[BlackElo "2268"]
[PlyCount "156"]
[EventDate "2007.07.10"]
[EventType "tourn"]
[EventRounds "9"]
[EventCountry "PAR"]
[EventCategory "2"]
[SourceTitle "EXT 2011"]
[Source "ChessBase"]
[SourceDate "2010.11.26"]
[SourceVersion "1"]
[SourceVersionDate "2010.11.26"]
[SourceQuality "1"]

1. e4 c6 2. d4 d5 3. Nc3 dxe4 4. Nxe4 Bf5 5. Ng3 Bg6 6. h4 h6 7. h5 Bh7 8. Nf3 Nd7 9. Bd3 Bxd3 10. Qxd3 Ngf6 11. Bd2 e6 12. 0-0-0 Be7 13. Kb1 0-0 14. Ne4 Nxe4 15. Qxe4 Nf6 16. Qe2 Qd5 17. Ne5 Qe4 18. Qxe4 Nxe4 19. Be3 Rfd8 20. g4 c5 21. f3 cxd4 22. Bxd4 Bc5 23. Bxc5 Nxc5 24. Kc1 Kf8 25. Rxd8+ Rxd8 26. Rd1 Rxd1+ 27. Kxd1 Ke7 28. Kd2 Kf6 29. Nc4 Ke7 30. Ke3 f5 31. b4 Na6 32. a3 fxg4 33. fxg4 Nb8 34. Ne5 Kd6 35. Kd4 Na6 36. c4 b6 37. Nd3 Nb8 38. c5+ bxc5+ 39. bxc5+ Kc6 40. Ke5 Kd7 41. Ke4 Kc6 42. Kd4 a5 43. a4 Nd7 44. Ne5+ Nxe5 45. Kxe5 Kxc5 46. Kxe6 Kb4 47. Kf7 Kxa4 48. Kxg7 Kb5 49. Kxh6 a4 50. g5 a3 51. g6 a2 52. g7 a1Q 53. g8Q Qf6+ 54. Qg6 Qf8+ 55. Kg5 Qd8+ 56. Qf6 Qg8+ 57. Kf5 Qh7+ 58. Kg5 Qg8+ 59. Kh6 Kc4 60. Qc6+ Kd4 61. Qb6+ Ke5 62. Qc5+ Kf6 63. Qd6+ Kf7 64. Qg6+ Kf8 65. Qf6+ Ke8 66. Qg7 Qd5 67. Qg6+ Qf7 68. Qg7 Qd5 69. Qf6 Qg8 70. Qc6+ Kf7 71. Qd7+ Kf8 72. Qd8+ Kf7 73. Qc7+ Kf8 74. Qf4+ Ke7 75. Qe5+ Kf7 76. Qf5+ Ke7 77. Qg6 Qh8+ 78. Kg5 Qe5+ 1/2-1/2

[Event "Posadas Anniv CAP 79th"]
[Site "Posadas"]
[Date "2005.08.14"]
[Round "6"]
[White "Espinoza, Edgar"]
[Black "Valiente, Cristobal"]
[Result "1/2-1/2"]
[WhiteElo "2255"]
[BlackElo "2328"]
[PlyCount "29"]
[EventDate "2005.08.11"]
[EventType "swiss"]
[EventRounds "7"]
[EventCountry "ARG"]
[SourceTitle "CBM 107 Extra"]
[Source "ChessBase"]
[SourceDate "2005.09.01"]
[SourceVersion "1"]
[SourceVersionDate "2005.09.01"]
[SourceQuality "1"]

1. e4 Nf6 2. e5 Nd5 3. d4 d6 4. Nf3 Bg4 5. Be2 e6 6. c4 Nb6 7. exd6 cxd6 8. Be3 Be7 9. Nbd2 0-0 10. h3 Bh5 11. g4 Bg6 12. h4 f6 13. h5 Bf7 14. b3 Nc6 15. Nf1 1/2-1/2

[Event "Posadas Anniv CAP 79th"]
[Site "Posadas"]
[Date "2005.08.13"]
[Round "4"]
[White "Espinoza, Edgar"]
[Black "Jimenez, Joaquin Rodrigo"]
[Result "1/2-1/2"]
[WhiteElo "2255"]
[BlackElo "2211"]
[PlyCount "45"]
[EventDate "2005.08.11"]
[EventType "swiss"]
[EventRounds "7"]
[EventCountry "ARG"]
[SourceTitle "CBM 107 Extra"]
[Source "ChessBase"]
[SourceDate "2005.09.01"]
[SourceVersion "1"]
[SourceVersionDate "2005.09.01"]
[SourceQuality "1"]

1. c4 c6 2. d4 d5 3. cxd5 cxd5 4. Nf3 Nf6 5. Nc3 Nc6 6. Bf4 a6 7. e3 e6 8. Bd3 Qb6 9. a3 Bd7 10. 0-0 Nh5 11. Bg3 Nxg3 12. hxg3 Bd6 13. b4 Na7 14. Rc1 Rc8 15. Qb3 0-0 16. Nd2 Rc7 17. Rc2 Rfc8 18. Rfc1 Bb5 19. Na4 Bxa4 20. Qxa4 Rxc2 21. Rxc2 Rc6 22. Rxc6 Qxc6 23. Qxc6 1/2-1/2

[Event "Olavarria Magistral op 5th"]
[Site "Olavarria"]
[Date "2005.02.26"]
[Round "5"]
[White "Espinoza, Edgar"]
[Black "Giardelli, Sergio Carlos"]
[Result "0-1"]
[WhiteElo "2258"]
[BlackElo "2428"]
[PlyCount "108"]
[EventDate "2005.02.24"]
[EventType "swiss"]
[EventRounds "7"]
[EventCountry "ARG"]
[SourceTitle "CBM 105 Extra"]
[Source "ChessBase"]
[SourceDate "2005.05.01"]
[SourceVersion "1"]
[SourceVersionDate "2005.05.01"]
[SourceQuality "1"]

1. Nf3 d5 2. d4 Nf6 3. c4 dxc4 4. Qa4+ Nbd7 5. Qxc4 a6 6. Bf4 c6 7. Nbd2 e6 8. e4 c5 9. dxc5 Bxc5 10. b4 b5 11. Qc3 Bb6 12. Bd3 Bb7 13. 0-0 0-0 14. Rad1 Qe7 15. Bb1 Rfc8 16. Qb2 h6 17. h3 Re8 18. Ne5 Red8 19. Rfe1 Nh5 20. Be3 Bxe3 21. Rxe3 Nxe5 22. Qxe5 Qxb4 23. a3 Qa5 24. Bd3 Nf6 25. Rg3 Ne8 26. Nb3 Qb6 27. Qh5 Kf8 28. Re1 Rac8 29. Bb1 Nf6 30. Qe5 Qc7 31. Qb2 e5 32. Kh2 Qe7 33. Rge3 Nd7 34. g3 Nc5 35. Nxc5 Qxc5 36. Rf3 Rd4 37. Qb3 Qe7 38. Ba2 Rcc4 39. Qb1 Bxe4 40. Rxe4 Rxe4 41. Bxc4 Rxc4 42. Qh7 Qb7 43. Rd3 Rd4 44. Re3 f6 45. Qc2 Qd5 46. Qc8+ Kf7 47. Rc3 Rc4 48. Rxc4 bxc4 49. Qxa6 c3 50. Qa7+ Kg6 51. Qa4 Qd4 52. Qe8+ Kh7 53. Kg2 Qe4+ 54. Kh2 Qf3 0-1

[Event "Olavarria Magistral op 5th"]
[Site "Olavarria"]
[Date "2005.02.26"]
[Round "6"]
[White "Marinangeli, Martin"]
[Black "Espinoza, Edgar"]
[Result "0-1"]
[WhiteElo "2150"]
[BlackElo "2258"]
[PlyCount "231"]
[EventDate "2005.02.24"]
[EventType "swiss"]
[EventRounds "7"]
[EventCountry "ARG"]
[SourceTitle "CBM 105 Extra"]
[Source "ChessBase"]
[SourceDate "2005.05.01"]
[SourceVersion "1"]
[SourceVersionDate "2005.05.01"]
[SourceQuality "1"]

1. b3 e5 2. Bb2 d6 3. g3 f5 4. Bg2 Nf6 5. e3 g6 6. Ne2 Bg7 7. c4 0-0 8. 0-0 c6 9. Nbc3 Na6 10. f4 e4 11. d4 Be6 12. Qd2 h6 13. Rad1 d5 14. c5 b6 15. cxb6 axb6 16. Na4 Rf7 17. Rc1 Bd7 18. Ba3 Be8 19. h3 Rfa7 20. Rc2 Nb8 21. Bb4 Na6 22. Ba3 Nc7 23. Bb4 Ne6 24. Nc1 Rc8 25. Ne2 Kh7 26. Kh2 h5 27. h4 Ng4+ 28. Kg1 Bf6 29. Bh3 Nh6 30. Qe1 Ra6 31. Qc1 Be7 32. Bxe7 Qxe7 33. Rd1 Ng8 34. Bf1 Rb8 35. Kg2 Ra7 36. Ng1 Nf6 37. Nh3 Kg7 38. Ng5 Nd8 39. Be2 Nh7 40. Nh3 Ne6 41. Rdd2 Rab7 42. Rd1 Rd8 43. Ba6 Rbb8 44. Be2 Qb4 45. Qd2 Qa3 46. Qc3 Kg8 47. Rcd2 Kf7 48. Qb2 Qb4 49. Qc3 Qxc3 50. Nxc3 Nc7 51. Ng5+ Nxg5 52. hxg5 Bd7 53. Kh3 Ne6 54. Kh4 Bc8 55. a4 Ra8 56. b4 Bb7 57. Rb2 Rd7 58. Rdb1 Bc8 59. Bd1 Ke7 60. Bb3 Bb7 61. Ba2 Nc7 62. Kh3 Ba6 63. b5 cxb5 64. axb5 Bb7 65. Bb3 Ra5 66. Bd1 Na8 67. Na2 Rc7 68. Rc1 Ra3 69. Bb3 Kd6 70. Rxc7 Nxc7 71. Nc3 Bc8 72. Kg2 Bd7 73. Kf2 Be8 74. Rb1 Bd7 75. Rb2 Ra5 76. Ba4 Ra8 77. Kg2 Rh8 78. Kh3 Rc8 79. Rb3 Ne6 80. Kg2 Rc4 81. Kf2 Nxd4 82. exd4 Rxd4 83. Ra3 Rd2+ 84. Ke1 Rg2 85. Ne2 Kc5 86. Kf1 Rh2 87. Ra2 h4 88. gxh4 Rxh4 89. Rc2+ Kb4 90. Rc7 Be8 91. Re7 Rh8 92. Bc2 Bxb5 93. Bd1 Rh1+ 94. Kf2 Rxd1 95. Ng3 d4 96. Re6 Rd2+ 97. Kg1 d3 98. Rxg6 e3 99. Re6 Rd1+ 100. Kg2 d2 101. Rd6 Kc5 102. Rd8 Bc6+ 103. Kh2 Rh1+ 104. Nxh1 e2 105. Rxd2 e1Q 106. Rc2+ Kd6 107. Ng3 Be4 108. Re2 Qb1 109. Rd2+ Ke7 110. g6 Qa1 111. Re2 Kf6 112. Nxe4+ fxe4 113. Rxe4 Qb2+ 114. Kg3 Kxg6 115. Re6+ Kf5 116. Re5+ 0-1

[Event "Olavarria Magistral op 5th"]
[Site "Olavarria"]
[Date "2005.02.25"]
[Round "3"]
[White "Gamarra Caceres, Carlos"]
[Black "Espinoza, Edgar"]
[Result "1/2-1/2"]
[WhiteElo "2249"]
[BlackElo "2258"]
[PlyCount "60"]
[EventDate "2005.02.24"]
[EventType "swiss"]
[EventRounds "7"]
[EventCountry "ARG"]
[SourceTitle "CBM 105 Extra"]
[Source "ChessBase"]
[SourceDate "2005.05.01"]
[SourceVersion "1"]
[SourceVersionDate "2005.05.01"]
[SourceQuality "1"]

1. c4 c5 2. Nc3 Nc6 3. Nf3 e5 4. a3 a6 5. Rb1 Rb8 6. e4 Qa5 7. Be2 b5 8. 0-0 Nf6 9. d3 h6 10. Nd5 Qd8 11. cxb5 axb5 12. Be3 d6 13. Nxf6+ Qxf6 14. b4 cxb4 15. axb4 d5 16. exd5 Nxb4 17. d4 e4 18. Ne5 Ba6 19. Rxb4 Bxb4 20. Nc6 Bd6 21. Nxb8 Bxb8 22. Qb1 0-0 23. Bxb5 Bxb5 24. Qxb5 Qh4 25. g3 Qg4 26. Ra1 h5 27. Ra8 Qd1+ 28. Qf1 Qb3 29. Ra5 f5 30. Rb5 Qa4 1/2-1/2

[Event "Posadas Summer op"]
[Site "Posadas"]
[Date "2005.02.06"]
[Round "4"]
[White "Caro, Esteban"]
[Black "Espinoza, Edgar"]
[Result "1/2-1/2"]
[WhiteElo "2198"]
[BlackElo "2258"]
[PlyCount "90"]
[EventDate "2005.02.04"]
[EventType "swiss"]
[EventRounds "7"]
[EventCountry "ARG"]
[SourceTitle "CBM 104 Extra"]
[Source "ChessBase"]
[SourceDate "2005.03.01"]
[SourceVersion "1"]
[SourceVersionDate "2005.03.01"]
[SourceQuality "1"]

1. e4 c5 2. Nf3 e6 3. d3 d5 4. Nbd2 Nc6 5. g3 Nf6 6. Bg2 Be7 7. 0-0 0-0 8. Re1 Qc7 9. e5 Nd7 10. Qe2 b5 11. Nf1 a5 12. h4 Ba6 13. Bf4 b4 14. Bh3 Nd4 15. Nxd4 cxd4 16. Nh2 Rfc8 17. Rac1 Qb6 18. Nf3 h6 19. Rf1 a4 20. b3 Bb5 21. Ne1 axb3 22. axb3 Ra2 23. Bd2 Ba6 24. f4 Nc5 25. Rb1 Ne4 26. Qg2 Bxd3 27. cxd3 Nxd2 28. Rf2 Nxb1 29. Rxa2 Rc1 30. Qf2 g6 31. h5 Qc6 32. hxg6 fxg6 33. Kh2 Nc3 34. Rc2 Rxc2 35. Nxc2 Bc5 36. Qg1 Qa6 37. Qa1 Qxa1 38. Nxa1 Kf7 39. Bg4 g5 40. Bh5+ Ke7 41. Nc2 Na2 42. Ne1 Nc1 43. Bd1 gxf4 44. gxf4 Kf7 45. Kg3 Kg6 1/2-1/2

[Event "Posadas Anniv CAP 78th"]
[Site "Posadas"]
[Date "2004.07.10"]
[Round "5"]
[White "Espinoza, Edgar"]
[Black "Alvarez Gonzalo, Miguel Angel"]
[Result "1/2-1/2"]
[WhiteElo "2266"]
[BlackElo "1800"]
[PlyCount "84"]
[EventDate "2004.07.08"]
[EventType "swiss"]
[EventRounds "7"]
[EventCountry "ARG"]
[SourceTitle "EXT 2008"]
[Source "ChessBase"]
[SourceDate "2007.11.25"]
[SourceVersion "1"]
[SourceVersionDate "2007.11.25"]
[SourceQuality "1"]

1. e4 d6 2. d4 Nf6 3. Nc3 g6 4. f4 Bg7 5. e5 dxe5 6. dxe5 Qxd1+ 7. Kxd1 Nfd7 8. Nd5 Kd8 9. Nf3 c6 10. Nc3 Nb6 11. Ng5 Ke8 12. Bd3 Nd5 13. Bd2 h6 14. Nf3 Nxc3+ 15. Bxc3 Bg4 16. Ke2 e6 17. Kf2 Bxf3 18. Kxf3 Nd7 19. Bd4 Bf8 20. c4 Rd8 21. Rad1 Nb6 22. Be2 Rd7 23. b3 Kd8 24. Ke4 Kc7 25. g4 Be7 26. h4 Rhd8 27. h5 gxh5 28. gxh5 Nc8 29. Rhg1 b6 30. Be3 Rxd1 31. Rxd1 Rxd1 32. Bxd1 Bf8 33. f5 Ne7 34. Bg4 Kd7 35. b4 Nc8 36. a4 c5 37. bxc5 bxc5 38. a5 a6 39. Kd3 Na7 40. fxe6+ fxe6 41. Bf3 Nc6 42. Bxc6+ Kxc6 1/2-1/2

[Event "Posadas Anniv CAP 78th"]
[Site "Posadas"]
[Date "2004.07.10"]
[Round "4"]
[White "Manzone, Alessandro Jr"]
[Black "Espinoza, Edgar"]
[Result "1-0"]
[WhiteElo "2239"]
[BlackElo "2266"]
[PlyCount "85"]
[EventDate "2004.07.08"]
[EventType "swiss"]
[EventRounds "7"]
[EventCountry "ARG"]
[SourceTitle "EXT 2008"]
[Source "ChessBase"]
[SourceDate "2007.11.25"]
[SourceVersion "1"]
[SourceVersionDate "2007.11.25"]
[SourceQuality "1"]

1. d4 g6 2. c4 Bg7 3. Nc3 d6 4. Nf3 Nf6 5. g3 c6 6. Bg2 Qa5 7. h3 Ne4 8. Qc2 Nxc3 9. Bd2 Bf5 10. Qxc3 Qc7 11. Nh4 Bd7 12. 0-0 c5 13. Qb3 Nc6 14. dxc5 dxc5 15. Nf3 0-0 16. e3 Rab8 17. Bc3 e5 18. Rfd1 a6 19. Qc2 b5 20. cxb5 axb5 21. b4 Bf5 22. e4 Be6 23. bxc5 b4 24. Bb2 b3 25. Qc3 bxa2 26. Ng5 Bb3 27. Rd3 Nd4 28. Kh2 Bc2 29. Rxa2 Rb3 30. Qxc2 Nxc2 31. Rxb3 Nd4 32. Rc3 Rb8 33. Nf3 Nc6 34. Bc1 f5 35. Ng5 Nd4 36. exf5 gxf5 37. Bd5+ Kh8 38. Nf7+ Kg8 39. Be3 Kf8 40. c6 f4 41. Bc1 Nb5 42. Rb3 e4 43. Bxf4 1-0

[Event "Rio de Janeiro"]
[Site "Rio de Janeiro"]
[Date "2003.12.22"]
[Round "6"]
[White "Espinoza, Edgar"]
[Black "Dumont, Sadi Glasser"]
[Result "1/2-1/2"]
[WhiteElo "2290"]
[BlackElo "2340"]
[PlyCount "109"]
[EventDate "2003.12.17"]
[EventType "tourn"]
[EventRounds "9"]
[EventCountry "BRA"]
[EventCategory "5"]
[SourceTitle "EXT 2005"]
[Source "ChessBase"]
[SourceDate "2004.11.15"]
[SourceVersion "1"]
[SourceVersionDate "2004.11.15"]
[SourceQuality "1"]

1. Nf3 c5 2. c4 Nc6 3. d4 cxd4 4. Nxd4 g6 5. g3 Bg7 6. Nb3 d6 7. Bg2 Nf6 8. Nc3 Be6 9. Nd5 0-0 10. f4 Rc8 11. Bd2 a5 12. Bc3 a4 13. Nd2 a3 14. Qb3 axb2 15. Qxb2 Na5 16. Nxf6+ exf6 17. Rc1 Nxc4 18. Nxc4 Bxc4 19. 0-0 Re8 20. Rfe1 b5 21. e4 Qb6+ 22. Bd4 f5 23. e5 Qa5 24. a3 d5 25. Kh1 Bf8 26. Ra1 Ra8 27. Qf2 Qc7 28. g4 fxg4 29. f5 Bg7 30. f6 Bf8 31. e6 Rxe6 32. Rxe6 fxe6 33. Qe3 Qf7 34. h3 gxh3 35. Bxh3 Re8 36. Be5 d4 37. Qxd4 Bd5+ 38. Kh2 Rc8 39. Qb6 Rc2+ 40. Kg3 Re2 41. Qb8 Qd7 42. f7+ Qxf7 43. Rf1 Re3+ 44. Kg4 Bf3+ 45. Kh4 g5+ 46. Kxg5 Qh5+ 47. Kf4 Re4+ 48. Kg3 Qxe5+ 49. Qxe5 Rxe5 50. Rxf3 Kg7 51. Rb3 Bd6 52. Kf3 Kf6 53. Bf1 Re1 54. Bxb5 Ra1 55. a4 1/2-1/2

[Event "Rio de Janeiro"]
[Site "Rio de Janeiro"]
[Date "2003.12.17"]
[Round "2"]
[White "Espinoza, Edgar"]
[Black "Limp, Eduardo Thelio"]
[Result "1/2-1/2"]
[WhiteElo "2290"]
[BlackElo "2403"]
[PlyCount "75"]
[EventDate "2003.12.17"]
[EventType "tourn"]
[EventRounds "9"]
[EventCountry "BRA"]
[EventCategory "5"]
[SourceTitle "EXT 2005"]
[Source "ChessBase"]
[SourceDate "2004.11.15"]
[SourceVersion "1"]
[SourceVersionDate "2004.11.15"]
[SourceQuality "1"]

1. Nf3 Nf6 2. c4 e6 3. g3 b6 4. Bg2 Bb7 5. b3 Be7 6. Bb2 0-0 7. 0-0 d6 8. d4 Nbd7 9. Nc3 Ne4 10. d5 Nxc3 11. Bxc3 Bf6 12. Nd4 Bxd4 13. Qxd4 e5 14. Qd2 a5 15. f4 Qe7 16. e4 f6 17. f5 Nc5 18. Bf3 c6 19. Rae1 Qc7 20. Kh1 b5 21. cxb5 cxb5 22. b4 Na4 23. Rc1 Nxc3 24. Rxc3 Qb6 25. a3 axb4 26. axb4 Rfc8 27. Rxc8+ Bxc8 28. Rc1 Bd7 29. Kg2 Kf8 30. h4 Ke7 31. g4 h6 32. g5 hxg5 33. hxg5 Rh8 34. Rh1 Rxh1 35. Kxh1 Qd8 36. g6 Qh8+ 37. Qh2 Qxh2+ 38. Kxh2 1/2-1/2

[Event "Asuncion zt 2.5"]
[Site "Asuncion"]
[Date "2003.09.23"]
[Round "9"]
[White "Cubas, Jose Fernando"]
[Black "Espinoza, Edgar"]
[Result "0-1"]
[WhiteElo "2419"]
[BlackElo "2290"]
[PlyCount "92"]
[EventDate "2003.09.14"]
[EventType "swiss"]
[EventRounds "9"]
[EventCountry "PAR"]
[SourceTitle "CBM 096 Extra"]
[Source "ChessBase"]
[SourceDate "2003.10.22"]
[SourceVersion "2"]
[SourceVersionDate "2003.10.20"]
[SourceQuality "1"]

1. e4 c6 2. d4 d5 3. e5 Bf5 4. Ne2 e6 5. Nf4 c5 6. g4 Be4 7. f3 Qh4+ 8. Ke2 Nc6 9. c3 Bxb1 10. Rxb1 Qd8 11. Kf2 cxd4 12. cxd4 Nge7 13. b4 a6 14. a4 Nc8 15. b5 axb5 16. Bxb5 Qc7 17. Nh5 N8a7 18. Be3 Nxb5 19. axb5 Ra2+ 20. Kg3 Na5 21. Ra1 Rxa1 22. Qxa1 Kd7 23. Rb1 Nc4 24. Bf4 Rg8 25. Qa8 Qc8 26. Ra1 Be7 27. Qxc8+ Rxc8 28. Nxg7 Kc7 29. Bc1 Kb6 30. f4 Rg8 31. Nh5 Kxb5 32. Kf3 Na5 33. Rb1+ Kc4 34. f5 exf5 35. gxf5 Rg1 36. f6 Bf8 37. Ng3 Nb3 38. e6 fxe6 39. Bh6 Rxb1 40. Bxf8 Nxd4+ 41. Kf4 e5+ 42. Kxe5 Re1+ 43. Kd6 Re6+ 44. Kc7 Rxf6 45. Be7 Rf7 46. Kd6 Nf5+ 0-1

[Event "Asuncion zt 2.5"]
[Site "Asuncion"]
[Date "2003.09.19"]
[Round "6"]
[White "Vera, I Jorge"]
[Black "Espinoza, Edgar"]
[Result "1-0"]
[WhiteElo "2189"]
[BlackElo "2290"]
[PlyCount "93"]
[EventDate "2003.09.14"]
[EventType "swiss"]
[EventRounds "9"]
[EventCountry "PAR"]
[SourceTitle "CBM 096 Extra"]
[Source "ChessBase"]
[SourceDate "2003.10.22"]
[SourceVersion "2"]
[SourceVersionDate "2003.10.20"]
[SourceQuality "1"]

1. d4 g6 2. Nc3 Bg7 3. e4 d6 4. Be3 Nf6 5. f3 c6 6. Qd2 b5 7. g4 h5 8. g5 Nfd7 9. 0-0-0 Nb6 10. Bd3 a5 11. f4 b4 12. Nce2 d5 13. e5 e6 14. Nf3 Ba6 15. Nh4 Nc4 16. Bxc4 Bxc4 17. Kb1 Nd7 18. Nc1 Qb6 19. f5 exf5 20. e6 Nf8 21. exf7+ Kxf7 22. Nd3 Bxd3 23. Qxd3 Qa6 24. Qd2 Kg8 25. Rdf1 Rh7 26. Bf4 Rd8 27. Re1 Qa7 28. Nf3 Bh8 29. Ne5 Bxe5 30. Bxe5 Rb7 31. Bf6 Rc8 32. Re2 a4 33. Rhe1 b3 34. cxb3 axb3 35. a3 Qa6 36. Re8 Rxe8 37. Rxe8 Qf1+ 38. Re1 Qa6 39. Qe3 Rf7 40. Qxb3 Rb7 41. Qc3 Qb5 42. Be7 Qb3 43. Qxb3 Rxb3 44. Bb4 f4 45. Bd6 Nd7 46. Re8+ Kf7 47. Re7+ 1-0

[Event "Asuncion zt 2.5"]
[Site "Asuncion"]
[Date "2003.09.17"]
[Round "4"]
[White "Espinoza, Edgar"]
[Black "Sosa Harrison, Jorge"]
[Result "1/2-1/2"]
[WhiteElo "2290"]
[BlackElo "2294"]
[PlyCount "29"]
[EventDate "2003.09.14"]
[EventType "swiss"]
[EventRounds "9"]
[EventCountry "PAR"]
[SourceTitle "CBM 096 Extra"]
[Source "ChessBase"]
[SourceDate "2003.10.22"]
[SourceVersion "2"]
[SourceVersionDate "2003.10.20"]
[SourceQuality "1"]

1. c4 c5 2. Nc3 Nc6 3. Nf3 Nf6 4. d4 cxd4 5. Nxd4 g6 6. g3 Bg7 7. Bg2 0-0 8. Nc2 d6 9. 0-0 Be6 10. b3 Qd7 11. Re1 Bh3 12. Bh1 Ng4 13. Bb2 f5 14. e3 g5 15. f3 1/2-1/2

[Event "Asuncion zt 2.5"]
[Site "Asuncion"]
[Date "2003.09.16"]
[Round "3"]
[White "Peralta, Eduardo"]
[Black "Espinoza, Edgar"]
[Result "1/2-1/2"]
[WhiteElo "2279"]
[BlackElo "2290"]
[PlyCount "20"]
[EventDate "2003.09.14"]
[EventType "swiss"]
[EventRounds "9"]
[EventCountry "PAR"]
[SourceTitle "CBM 096 Extra"]
[Source "ChessBase"]
[SourceDate "2003.10.22"]
[SourceVersion "2"]
[SourceVersionDate "2003.10.20"]
[SourceQuality "1"]

1. e4 c5 2. Nf3 d6 3. d4 cxd4 4. Nxd4 Nf6 5. Nc3 a6 6. Bg5 e6 7. f4 Be7 8. Qf3 Nbd7 9. 0-0-0 Qc7 10. g4 b5 1/2-1/2

[Event "Asuncion zt 2.5"]
[Site "Asuncion"]
[Date "2003.09.14"]
[Round "1"]
[White "Labollita, Martin"]
[Black "Espinoza, Edgar"]
[Result "1-0"]
[WhiteElo "2454"]
[BlackElo "2290"]
[PlyCount "113"]
[EventDate "2003.09.14"]
[EventType "swiss"]
[EventRounds "9"]
[EventCountry "PAR"]
[SourceTitle "CBM 096 Extra"]
[Source "ChessBase"]
[SourceDate "2003.10.22"]
[SourceVersion "2"]
[SourceVersionDate "2003.10.20"]
[SourceQuality "1"]

1. Nf3 Nf6 2. c4 d5 3. cxd5 Nxd5 4. e4 Nf6 5. d3 c5 6. Be2 Nc6 7. 0-0 e5 8. Na3 h6 9. Be3 Bd6 10. Rc1 b6 11. Nc4 Bc7 12. a3 Bd7 13. b4 cxb4 14. axb4 b5 15. Na5 Nxa5 16. bxa5 0-0 17. a6 Re8 18. Qb3 Bb6 19. Bd2 Rc8 20. Bc3 Bc7 21. Rc2 Bd6 22. Rfc1 Qb6 23. Ra1 b4 24. Be1 Be6 25. Qb2 Rxc2 26. Qxc2 Rc8 27. Qb2 b3 28. Bc3 Nd7 29. d4 f6 30. h3 Bb4 31. Bxb4 Qxb4 32. Bd1 exd4 33. Nxd4 Bf7 34. Bxb3 Kh8 35. Rb1 Rb8 36. Nc6 Qxb3 37. Nxb8 Nxb8 38. Qxb3 Bxb3 39. Rxb3 Nxa6 40. Ra3 Nc5 41. f3 a6 42. Ra5 Nd3 43. Rxa6 Kh7 44. h4 h5 45. Ra5 Kg6 46. g3 Ne5 47. Rxe5 fxe5 48. f4 Kf6 49. Kf2 Ke6 50. Ke3 Kd6 51. Kd3 exf4 52. gxf4 Kc5 53. f5 Kc6 54. Kd4 Kd6 55. e5+ Ke7 56. Ke4 Kf7 57. Kf4 1-0

[Event "Asuncion Mayor op"]
[Site "Asuncion"]
[Date "2001.??.??"]
[Round "9"]
[White "Espinoza, Edgar"]
[Black "Riego Prieto, Victorio"]
[Result "1-0"]
[WhiteElo "2086"]
[BlackElo "2188"]
[PlyCount "97"]
[EventDate "2001.07.??"]
[EventType "swiss"]
[EventRounds "11"]
[EventCountry "PAR"]
[SourceTitle "EXT 2003"]
[Source "ChessBase"]
[SourceDate "2002.11.25"]
[SourceVersion "1"]
[SourceVersionDate "2002.11.25"]
[SourceQuality "1"]

1. d4 g6 2. c4 Bg7 3. Nc3 d6 4. e4 Nc6 5. Be3 e5 6. Nge2 Bg4 7. f3 Bd7 8. d5 Nce7 9. Qd2 f5 10. 0-0-0 a6 11. a3 Rb8 12. Kb1 b5 13. cxb5 axb5 14. Na2 Nf6 15. Nec3 0-0 16. Be2 Nc8 17. Nb4 Nb6 18. b3 Qc8 19. Rc1 Qb7 20. h3 Ra8 21. Kb2 Nh5 22. Rhd1 Ra5 23. Ra1 Nf4 24. Bf1 fxe4 25. fxe4 Rfa8 26. g3 Nh5 27. Qg2 Qa7 28. Nc2 Rc8 29. Be2 Nf6 30. g4 Qb7 31. g5 Nh5 32. Bxh5 gxh5 33. g6 c5 34. dxc6 Qxc6 35. gxh7+ Kxh7 36. Rd3 Be8 37. Nb4 Qc7 38. Rg1 Na8 39. Nbd5 Qf7 40. Bd2 Ra7 41. Rf3 Qe6 42. Rf6 Qd7 43. Rh6+ Kg8 44. Nf6+ Kf8 45. Nxd7+ Rxd7 46. Rh8+ Bxh8 47. Qg8+ Ke7 48. Bg5+ Bf6 49. Bxf6+ 1-0

[Event "Asuncion Mayor op"]
[Site "Asuncion"]
[Date "2001.??.??"]
[Round "1"]
[White "Peralta, Eduardo"]
[Black "Espinoza, Edgar"]
[Result "1/2-1/2"]
[WhiteElo "2312"]
[BlackElo "2086"]
[PlyCount "31"]
[EventDate "2001.07.??"]
[EventType "swiss"]
[EventRounds "11"]
[EventCountry "PAR"]
[SourceTitle "EXT 2003"]
[Source "ChessBase"]
[SourceDate "2002.11.25"]
[SourceVersion "1"]
[SourceVersionDate "2002.11.25"]
[SourceQuality "1"]

1. d4 d5 2. c4 c6 3. Nc3 Nf6 4. Nf3 Bf5 5. e3 e6 6. Bd3 Bxd3 7. Qxd3 Nbd7 8. 0-0 Bb4 9. a3 Bxc3 10. bxc3 0-0 11. Rb1 b6 12. Nd2 Qc8 13. cxd5 cxd5 14. c4 Qa6 15. Qb3 Rfc8 16. cxd5 1/2-1/2

[Event "WchT U20 3rd"]
[Site "Rio de Janeiro"]
[Date "2000.08.08"]
[Round "2"]
[White "Espinoza, Edgar"]
[Black "Alvarez Marquez, Johan"]
[Result "0-1"]
[WhiteElo "2084"]
[BlackElo "2317"]
[PlyCount "97"]
[EventDate "2000.08.??"]
[EventType "team"]
[EventRounds "5"]
[EventCountry "BRA"]
[SourceTitle "EXT 2004"]
[Source "ChessBase"]
[SourceDate "2003.11.25"]
[SourceVersion "1"]
[SourceVersionDate "2003.11.25"]
[SourceQuality "1"]

1. e4 c5 2. Nf3 d6 3. d4 cxd4 4. Nxd4 Nf6 5. Nc3 a6 6. f4 e6 7. Be2 Be7 8. 0-0 0-0 9. Kh1 Nc6 10. a4 Qc7 11. Nb3 b6 12. f5 Bb7 13. fxe6 fxe6 14. Bf4 Ne5 15. Bxe5 dxe5 16. Bd3 Bb4 17. Na2 Be7 18. Qe2 Qc6 19. a5 b5 20. Nd2 Rad8 21. Rae1 Qc7 22. b4 Rd7 23. Rc1 Rfd8 24. Nf3 Nh5 25. g3 Nf6 26. h3 Rd4 27. Nxd4 Rxd4 28. Rxf6 gxf6 29. c3 Rd6 30. Rd1 Qd8 31. Kh2 Kh8 32. Nc1 Qe8 33. Nb3 Rd8 34. Rf1 Qg6 35. Nc5 Bxc5 36. bxc5 Qh6 37. Rd1 Bc6 38. c4 b4 39. Bc2 Qf8 40. g4 Rxd1 41. Bxd1 Qxc5 42. g5 fxg5 43. Qd2 Qe7 44. c5 Kg7 45. Qxb4 Qf6 46. Kg2 Qf4 47. Bf3 h5 48. Qb6 Qd2+ 49. Kg1 0-1